Kirjaimella F alkavia sanoja #1 - Statistics

Yleistilastot
  • Tätä visaa on pelattu 995 kertaa
  • Keskiarvotulos 11 / 20
Vastaustilastot
Määritelmä Sana % Oikein
Hyvin vanha eliön jäännös Fossiili
90%
Ydinreaktio tai yritysten sulautuminen Fuusio
88%
Kuolemattomuuden vertauskuvana toimiva tarujen lintu Feeniks
87%
Sveitsin valuutta Frangi
74%
Puhelinverkon kautta lähetetty kopio dokumentista Faksi
70%
Lähi-idästä peräisin oleva papu- tai hernepyörykkä Falafel
65%
Yksittäisiä toimeksiantoja eri työnantajille tekevä henkilö, jolla ei ole vakituista sopimusta Freelancer
64%
Lämmin ja kuiva tuuli, joka laskeutuu vuoristolta Föhntuuli
62%
Suureiden riippuvuuksien kuvaus matematiikassa tai jonkin asian toiminnallisuus Funktio
62%
Hilleristä kesytetty lemmikkieläin Fretti
60%
Espanjan Andalusiasta lähtöisin oleva kansantanssi Flamenco
55%
Esimerkiksi piikkimatolla nukkuva askeettinen temppuilija Fakiiri
52%
Esimerkiksi lannoitteissa ja pesuaineissa käytetty aine Fosfaatti
52%
Laastipohjalle tehty seinämaalaus Fresko
49%
1800-luvun suomalaisuusliike Fennomania
39%
Peli, jossa kerätään pisteitä lyömällä kuulia kahdella mailalla ylöspäin kaltevalla tasolla Flipperi
35%
Keskiaikainen läänitysjärjestelmä Feodalismi
30%
Muun muassa tuki- ja liikuntaelinten ongelmia tai kipuja hoitava lääketieteen ala Fysiatria
30%
Yleensä villasta tai puuvillasta valmistettu ja pehmeäksi nukattu kangas Flanelli
26%
Osmanien valtakunnassa käytetty lieriömäinen punainen hattu Fetsi
23%
Ehtoja vastaavia visoja ei löytynyt
Tulosjakauma
Jokaisen tuloksen saaneiden osuus
Persentiili vastausten määrän mukaan
Tuloshistoriasi
Et ole pelannut tätä visaa